IFM Opac

Social Differentiation & Stratification (Record no. 17787)

MARC details
000 -LEADER
fixed length control field 00415nam a22001457a 4500
082 ## - DEWEY DECIMAL CLASSIFICATION NUMBER
Classification number 301.44 EIS
100 ## - MAIN ENTRY--PERSONAL NAME
Personal name Eisenstadt,S. N
245 ## - TITLE STATEMENT
Title Social Differentiation & Stratification
260 ## - PUBLICATION, DISTRIBUTION, ETC.
Place of publication, distribution, etc. London
Name of publisher, distributor, etc. Scott, Foresman and Company
Date of publication, distribution, etc. 1971
300 ## - PHYSICAL DESCRIPTION
Extent 248Pg
Other physical details 21cm
490 ## - SERIES STATEMENT
Series statement Introduction to Modern Society Series
500 ## - GENERAL NOTE
General note Include Index
650 ## - SUBJECT ADDED ENTRY--TOPICAL TERM
Topical term or geographic name entry element Social Differentiation & Stratification
942 ## - ADDED ENTRY ELEMENTS (KOHA)
Koha item type Books
Holdings
Withdrawn status Lost status Damaged status Not for loan Home library Current library Shelving location Date acquired Total Checkouts Full call number Barcode Date last seen Price effective from Koha item type
Withdrawn       IFM Main Campus Library IFM Main Campus Library Archival Collection 08/07/2017   301.44 EIS 0000006615 08/07/2017 02/19/2022 Books